000 00541nam a22001577a 4500
005 20141007163042.0
008 141007b xxu||||| |||| 00| 0 eng d
050 _aR 850
_b.G724 2013
100 _aGoyal, RC.
245 _aResearch methodology for health professionals :
_bincluding proposal, thesis and article writing /
260 _aNew Delhi :
_bJaypee Brothers Medical Publishers Ltd.,
_cc2013.
300 _a288 pages :
_billustrations ;
_c23 cm.
650 _aMethodology.
650 _aHealth Professionals.
942 _2lcc
_cBK
_kFOR
999 _c276029
_d276029